| 000 | 00705nam a2200193 4500 | ||
|---|---|---|---|
| 999 |
_c16338 _d16338 |
||
| 008 | 211124b ||||| |||| 00| 0 eng d | ||
| 022 | _a0732-8435 | ||
| 082 | _aDPer 657.05 C33 Apr - Sept 2016, v86 n4-9 | ||
| 100 |
_aPryor, Charles R. _943116 |
||
| 245 |
_aFinancial planning with excess liability insurance/ _cCharles R. Pryor, Zhiqiang Yan and Nicholas C. Lynch. |
||
| 260 |
_aNew York: _bThe New York State Society of CPA, _c©2016. |
||
| 300 |
_av86 n9, pages 34-39: _billustrations; _c28 cm. |
||
| 500 | _aThe CPA Journal | ||
| 650 |
_aEstate planning. _943731 |
||
| 650 |
_aInsurance. _943006 |
||
| 700 |
_aYan, Z. _eAuthor. _943755 |
||
| 700 |
_aLynch, N. C. _eAuthor. _943756 |
||
| 942 |
_2ddc _cPER |
||